Die 10 beliebtesten Apfelsorten - Statistiken

Allgemein
  • Dieses Quiz wurde 1.084 mal gespielt
  • Das Durchschnittsergebnis liegt bei 4 aus 10
Antwortstatistiken
Apfelsorte % Korrekt
P{ink} L{ady}
80%
B{oskop}
50%
G{ranny} S{mith}
49%
E{lstar}
45%
G{olden} D{elicious}
42%
B{raeburn}
40%
G{ala}
39%
J{onagold}
31%
C{ox} O{range}
19%
G{loster}
3%
Keine übereinstimmenden Quizze gefunden
Verteilung der Resultate
Anzahl Personen mit jedem Resultat
Perzentil nach korrekt beantworteten Fragen
Ihre Resultats-Entwicklung
Sie haben dieses Quiz noch nicht gespielt